[Event "Rostock SSC 07 op 11th"]
[Site "Rostock"]
[Date "2012.08.01"]
[Round "1"]
[White "Fleischer, Matthias"]
[Black "Rozhanskyy, Oleksiy"]
[Result "1-0"]
[WhiteElo "1937"]
[BlackElo "1112"]
[PlyCount "101"]
[EventDate "2012.08.01"]
[EventType "swiss"]
[EventRounds "7"]
[EventCountry "GER"]
[SourceTitle "EXT 2017"]
[Source "ChessBase"]
[SourceDate "2016.10.25"]
[SourceVersion "1"]
[SourceVersionDate "2016.10.25"]
[SourceQuality "1"]

1. Nf3 d5 2. d4 Nf6 3. Bg5 Bf5 4. e3 e6 5. Bd3 Bxd3 6. Qxd3 Be7 7. Nbd2 0-0 8. 0-0 Nbd7 9. Rfe1 Ng4 10. Bxe7 Qxe7 11. h3 Ngf6 12. c3 e5 13. dxe5 Nxe5 14. Qf5 Nxf3+ 15. Nxf3 Qe4 16. Qe5 Qxe5 17. Nxe5 Rfe8 18. Nf3 Ne4 19. Rad1 Rad8 20. Re2 a5 21. Nd4 h5 22. h4 Rd7 23. g3 g6 24. Kg2 a4 25. Nc2 Re5 26. Nb4 Nf6 27. Nd3 Ree7 28. Nc5 Rd6 29. Nxb7 Ra6 30. Nc5 Ra5 31. Nd3 a3 32. b4 Rb5 33. f3 c6 34. Nc5 Nd7 35. Nxd7 Rxd7 36. Red2 Rc7 37. Kf2 Kg7 38. Rd4 Kf6 39. e4 Ke6 40. Ke3 dxe4 41. Rxe4+ Kf6 42. Rd6+ Kg7 43. f4 Rd5 44. Rd4 Rxd6 45. Rxd6 Kf8 46. Kd3 Ke7 47. Rd4 c5 48. bxc5 Rxc5 49. Kc2 Rb5 50. Rb4 Rc5 51. Ra4 1-0